00708cam 2200205u 4500001000800000005001700008008004100025035002100066906004500087010001700132040001900149050002300168100002700191245002600218260010400244300004700348650003200395991004800427099002700475613278120030723094942.0830722s1965 enka 000 0 eng  9(DLC) 66066348 a0bcbccpremunvduencipf19gy-gencatlg a 66066348  aDLCcCarPdDLC00aTT870b.H653 1965a1 aHonda, Isao,db. 1888.14aThe world of origami; aLondon,b[published] in collaboration with Japan Publications Trading Co. [by] Blandford P.,c1965. axii, 13-264 p.billus. (some col.)c31 cm. 0aOrigami. [from old catalog] bc-GenCollhTT870i.H653 1965atCopy 1wPREM ahonda-world-1071930499